000 00880nas a2200289 4500
001 BR2014002236
003 BR-BrBNA
005 20231205123904.0
007 ta
008 230509b bl.|||p| |||| 00| 00por d
040 _aBR-BrBNA
_bpor
_cBiblioteca Nacional de Agricultura
041 _a(Pt)
072 _aF40; P40
100 1 _aRoberto, S.R.
100 1 _aSato, A.J.
100 1 _aBrenner, E.A.
100 1 _aSantos, C.E. dos
100 1 _aGenta, W.
245 1 _aFenologia e soma térmica (Graus-dia)para a videira 'Isabel' (Vitis labrusca)cultivada no noroeste do Paraná
650 _aUVA
650 _aTEMPERATURA
650 _aFENOLOGIA VEGETAL
650 _aSUCO
773 0 _tSemina. Ciências Agrárias (Brazil)
_xISSN 1676-546X
_g(Oct-Dec 2004), v. 25(4) p. 273-279
_wBR2014002236
909 _a202311
_bLúcia
_c55
_dLúcia Elande
942 _2AGRIS
_n0
_cANA
999 _c236217
_d236217